F1 Podiums 2008 - Statistics

General Stats
  • This quiz has been taken 521 times
  • The average score is 11 of 14
Answer Stats
Answer % Correct
Lewis Hamilton
100%
Felipe Massa
98%
Fernando Alonso
98%
Kimi Raikkonen
97%
Sebastian Vettel
94%
Robert Kubica
86%
Heikki Kovalainen
83%
Nick Heidfeld
79%
Nico Rosberg
77%
Jarno Trulli
68%
David Coulthard
67%
Timo Glock
67%
Rubens Barrichello
66%
Nelson Piquet Jr
65%
No matching quizzes found
Score Distribution
Percent of People with Each Score
Percentile by Number Answered
Your Score History
You have not taken this quiz